Sống mòn tác phẩm và dư luận Tác phẩm và dư luận

Đã lưu trong:
Bibliografiske detaljer
Hovedforfatter: NAM CAO
Format: Bog
Sprog:Undetermined
Udgivet: Hà Nội Văn Học 2001
Fag:
Tags: Tilføj Tag
Ingen Tags, Vær først til at tagge denne postø!
Thư viện lưu trữ: Trung tâm Học liệu Trường Đại học Cần Thơ
LEADER 00529nam a2200181Ia 4500
001 CTU_46592
008 210402s9999 xx 000 0 und d
082 |a 895.922331 
082 |b N105s/2001 
100 |a NAM CAO 
245 0 |a Sống mòn tác phẩm và dư luận 
245 0 |b Tác phẩm và dư luận 
245 0 |c NAM CAO 
260 |a Hà Nội 
260 |b Văn Học 
260 |c 2001 
650 |a vietnamese fiction - 20th century 
980 |a Trung tâm Học liệu Trường Đại học Cần Thơ